000 00376nam a2200145Ia 4500
008 230917s9999||||xx |||||||||||||| ||und||
040 _e100632
_aMAIN
041 _aEnglish
082 _a294.538 L643R
100 _aLeslie, Julia, ed.
245 0 _aRoles and rituals for Hindu women
260 _aDelhi
_bMotilal Banarsidass
_c1992
300 _axviii, 267 p.
942 _cBK
999 _c121945
_d121945